Statistiche per Paesi del Mondo - Sprint in Un Minuto

Clicka qui per fare il quiz!

Statistiche generali

  • Questo quiz è stato fatto 25.506 volte
  • Il punteggio medio è 26 su 196

Risposte nella Mappa

Le risposte nella mappa del quiz sottostante sono codificate secondo una scala di colori dal rosso al verde in base alla % di persone che hanno risposto correttamente.
 

Statistiche sulle risposte

Paese% Corretto
Italia
86%
Stati Uniti
83%
Canada
78%
Russia
72%
Francia
71%
Cina
66%
Spagna
66%
Messico
62%
Brasile
61%
Germania
49%
Argentina
46%
Portogallo
44%
India
43%
Cile
42%
Australia
41%
Regno Unito
38%
Svezia
37%
Giappone
35%
Irlanda
35%
Danimarca
34%
Islanda
34%
Perù
33%
Norvegia
31%
Egitto
25%
Finlandia
25%
Algeria
23%
Austria
23%
Cuba
23%
Colombia
22%
Libia
22%
Marocco
22%
Mongolia
22%
Bolivia
21%
Malta
21%
Svizzera
21%
Belgio
20%
Repubblica del Congo
20%
Repubblica Democratica del Congo
20%
Ciad
19%
Iran
19%
Iraq
18%
Panama
18%
Grecia
17%
Mali
17%
Niger
17%
Paesi Bassi
17%
Tunisia
17%
Ucraina
17%
Estonia
16%
Lettonia
16%
Monaco
16%
Polonia
16%
Venezuela
16%
Lituania
15%
Uruguay
15%
Andorra
14%
Città del Vaticano
14%
Ecuador
14%
Haiti
14%
Oman
14%
San Marino
14%
Sudan
14%
Cipro
13%
Nigeria
13%
Paraguay
13%
Sudafrica
13%
Turchia
13%
Yemen
13%
Albania
12%
Togo
12%
Indonesia
11%
Laos
11%
Nepal
11%
Serbia
11%
Slovenia
11%
Belize
10%
Guatemala
10%
Nuova Zelanda
10%
Romania
10%
Honduras
9%
Madagascar
9%
Siria
9%
Ungheria
9%
Angola
8%
Bosnia ed Erzegovina
8%
Corea del Nord
8%
Corea del Sud
8%
Croazia
8%
Emirati Arabi Uniti
8%
Figi
8%
Giamaica
8%
Guyana
8%
Kazakistan
8%
Kosovo
8%
Nicaragua
8%
Palau
8%
Qatar
8%
Slovacchia
8%
Somalia
8%
Suriname
8%
Arabia Saudita
7%
Bahamas
7%
Benin
7%
Bielorussia
7%
Costa Rica
7%
Etiopia
7%
Ghana
7%
Guinea
7%
Libano
7%
Malawi
7%
Nauru
7%
Pakistan
7%
Tonga
7%
Bhutan
6%
Bulgaria
6%
Cambogia
6%
El Salvador
6%
Kenya
6%
Lussemburgo
6%
Moldavia
6%
Namibia
6%
Sud Sudan
6%
Tuvalu
6%
Vietnam
6%
Eritrea
5%
Filippine
5%
Israele
5%
Lesotho
5%
Maldive
5%
Samoa
5%
Sri Lanka
5%
Taiwan
5%
Vanuatu
5%
Antigua e Barbuda
4%
Camerun
4%
Dominica
4%
Gabon
4%
Gibuti
4%
Kiribati
4%
Macedonia del Nord
4%
Malesia
4%
Mauritania
4%
Montenegro
4%
Papua Nuova Guinea
4%
Repubblica Ceca
4%
Repubblica Dominicana
4%
Senegal
4%
Thailandia
4%
Uganda
4%
Zambia
4%
Afghanistan
3%
Armenia
3%
Bahrain
3%
Barbados
3%
Birmania
3%
Brunei
3%
Burundi
3%
Comoros
3%
Gambia
3%
Georgia
3%
Grenada
3%
Kuwait
3%
Liberia
3%
Liechtenstein
3%
Mozambico
3%
Repubblica Centrafricana
3%
Ruanda
3%
Saint Kitts e Nevis
3%
Santa Lucia
3%
Sao Tome e Principe
3%
Singapore
3%
Stati Federati di Micronesia
3%
Timor Est
3%
Trinidad e Tobago
3%
Bangladesh
2%
Botswana
2%
Capo Verde
2%
Giordania
2%
Isole Marshall
2%
Mauritius
2%
Saint Vincent e Grenadine
2%
Seychelles
2%
Swaziland
2%
Tanzania
2%
Zimbabwe
2%
Azerbaijan
1%
Burkina Faso
1%
Costa d'Avorio
1%
Guinea-Bissau
1%
Guinea Equatoriale
1%
Isole Salomone
1%
Kirghizistan
1%
Sierra Leone
1%
Tagikistan
1%
Turkmenistan
1%
Uzbekistan
1%

Distribuzione punteggi

Percentile per numero di risposta

Percentuale di utenti per punteggio

I tuoi punteggi nel tempo

Non hai fatto questo quiz